[Event "24th Abu Dhabi Masters"]
[Site "Abu Dhabi UAE"]
[Date "2017.08.15"]
[Round "2.23"]
[White "Hedman, Erik"]
[Black "Bernadskiy, Vitaliy"]
[Result "0-1"]
[WhiteTitle "FM"]
[BlackTitle "GM"]
[WhiteElo "2376"]
[BlackElo "2562"]
[WhiteFideId "1702351"]
[BlackFideId "14100371"]
[EventDate "2017.08.14"]

1. d4 Nf6 2. c4 d6 3. g3 e5 4. Nf3 e4 5. Ng5 h6 6. Nh3 g5 7. Bg2 Bg7 8. O-O O-O
9. f3 Nc6 10. Nf2 exf3 11. exf3 d5 12. f4 gxf4 13. Bxf4 dxc4 14. d5 Ne7 15. Nc3
Nf5 16. g4 Nh4 17. g5 Nxg2 18. Kxg2 hxg5 19. Bxg5 Qd6 20. Qf3 Nd7 21. Kh1 Ne5
22. Qg2 Qg6 23. Rg1 Bf5 24. Nfe4 Bg4 25. Bf4 Bf3 26. Qxf3 Nxf3 27. Rxg6 fxg6 28.
Bxc7 Be5 29. d6 Rf4 30. Rf1 Raf8 31. Rf2 Nh4 32. Kg1 Bd4 0-1

[Event "24th Abu Dhabi Masters"]
[Site "Abu Dhabi UAE"]
[Date "2017.08.15"]
[Round "2.24"]
[White "Batchuluun, Tsegmed"]
[Black "Nandhidhaa, PV"]
[Result "1-0"]
[WhiteTitle "GM"]
[BlackTitle "WIM"]
[WhiteElo "2555"]
[BlackElo "2182"]
[WhiteFideId "4900847"]
[BlackFideId "5050847"]
[EventDate "2017.08.14"]

1. d4 Nf6 2. c4 g6 3. Nc3 d5 4. Bf4 Bg7 5. e3 O-O 6. cxd5 Nxd5 7. Nxd5 Qxd5 8.
Bxc7 Na6 9. Bxa6 Qxg2 10. Qf3 Qxf3 11. Nxf3 bxa6 12. Rc1 Be6 13. b3 Rac8 14. Rc5
Bg4 15. Nd2 e5 16. d5 Rfd8 17. f3 Bh3 18. e4 Rd7 19. d6 Be6 20. Ke2 f5 21. Ra5
Rf8 22. Rxa6 Rdf7 23. exf5 Rxf5 24. Rxa7 e4 25. fxe4 Rh5 26. Bb6 Bg4+ 27. Kd3
Rh3+ 28. Be3 Rd8 29. Nc4 Bh6 30. Re1 Be6 31. e5 Bf4 32. Kd4 Bxh2 33. Bg5 Rf8 34.
d7 Bg3 35. Re2 Bg4 36. Rg2 1-0

[Event "24th Abu Dhabi Masters"]
[Site "Abu Dhabi UAE"]
[Date "2017.08.15"]
[Round "2.25"]
[White "Priyanka, Nutakki"]
[Black "Ghaem Maghami, Ehsan"]
[Result "0-1"]
[BlackTitle "GM"]
[WhiteElo "2160"]
[BlackElo "2540"]
[WhiteFideId "25049615"]
[BlackFideId "12500739"]
[EventDate "2017.08.14"]

1. e4 c5 2. Nf3 d6 3. d4 cxd4 4. Qxd4 a6 5. Be3 Nf6 6. Nc3 e5 7. Qd2 Be7 8. Bc4
O-O 9. h3 Nc6 10. O-O-O b5 11. Bd3 Nb4 12. a3 Nxd3+ 13. Qxd3 Be6 14. Nd2 Rc8 15.
Nd5 Nxd5 16. exd5 Bd7 17. f4 exf4 18. Bxf4 a5 19. Nf3 b4 20. Rhe1 Re8 21. Re3
Qc7 22. Rd2 h6 23. g4 bxa3 24. Qxa3 Qc4 25. Bg3 Qf1+ 26. Re1 Qxh3 27. Rg1 Qxg4
28. Bxd6 Bxd6 29. Qxd6 Qxf3 30. Qxd7 Red8 31. Qb7 Qf4 32. Qb3 a4 33. Qd3 Rc5 34.
d6 Rc6 35. Rf1 Qxd6 36. Qxd6 Rcxd6 37. Rdf2 g5 38. c3 R8d7 39. Re2 Kg7 40. Rh1 0-1

[Event "24th Abu Dhabi Masters"]
[Site "Abu Dhabi UAE"]
[Date "2017.08.15"]
[Round "2.26"]
[White "Mekhitarian, Krikor Sevag"]
[Black "Al Hosani, Omran"]
[Result "1-0"]
[WhiteTitle "GM"]
[BlackTitle "CM"]
[WhiteElo "2534"]
[BlackElo "2012"]
[WhiteFideId "2107660"]
[BlackFideId "9308733"]
[EventDate "2017.08.14"]

1. e4 e5 2. Nf3 Nc6 3. Bb5 Nf6 4. d3 Bc5 5. c3 d6 6. d4 exd4 7. cxd4 Bb4+ 8. Bd2
Bxd2+ 9. Nbxd2 O-O 10. O-O Bg4 11. Bxc6 bxc6 12. Qc2 Rb8 13. b3 Qd7 14. Rac1 Rb6
15. Rfe1 Re8 16. Qd3 Rb5 17. Qc3 c5 18. a4 cxd4 19. Qxc7 Rb4 20. Qa5 Rb7 21.
Nxd4 Re5 22. Qc3 Rc5 23. Qe3 Rxc1 24. Rxc1 Rc7 25. Rxc7 Qxc7 26. Nc4 Bd7 27. e5
dxe5 28. Qxe5 Qc8 29. h3 h6 30. a5 Qb7 31. Kh2 Qb4 32. f3 Bc8 33. Qb5 Qc3 34.
Qb8 Qxd4 35. Qxc8+ Kh7 36. Qf5+ Kg8 37. Qe5 Qd7 38. a6 Nd5 39. Qb8+ Kh7 40. Qb7
Qc7+ 41. Kh1 Qc5 42. Qxf7 Nb4 43. Qb7 Na2 44. Qe4+ Kg8 45. Qe6+ Kh7 46. Kh2 Nb4
47. Qe4+ Kg8 48. Qb7 Na2 49. Qb8+ Kh7 50. Qd6 Qb5 51. Ne5 Qxb3 52. Qc7 Qc3 53.
Qxc3 Nxc3 54. Nc6 Nd5 55. Kg3 Kg6 56. f4 Kf6 57. Kf3 Nc7 58. Nxa7 Nxa6 59. g4
Nc5 60. Nb5 Ne6 61. Nc3 Nd4+ 62. Ke4 Ne6 63. Nd5+ Kf7 64. Ke3 Nf8 65. h4 Ng6 66.
h5 Nf8 67. Ke4 Ne6 68. Ke5 Nc5 69. Nc3 Nd7+ 70. Kf5 Nc5 71. Nb5 Nd3 72. Nd6+ Ke7
73. Nc4 Nf2 74. Ne5 Kf8 75. Ke6 Nh3 76. Nd3 Ng1 77. f5 Nf3 78. f6 Ng5+ 79. Kf5
gxf6 80. Kxf6 Kg8 81. Kg6 Nf7 82. Nf2 Kf8 83. Nh3 Ne5+ 84. Kf5 Nf3 85. Kf6 Kg8
86. Nf2 Kh7 87. Nd3 Ng5 88. Nc5 Nf3 89. Nd7 Nh2 90. Ne5 Nf1 91. Nc4 Ng3 92. Nd2
Ne2 93. Ne4 Nf4 94. Kf7 Kh8 95. Nf6 Nd3 96. Kg6 Ne5+ 97. Kxh6 Nf7+ 98. Kg6 Ne5+
99. Kf5 Nf7 100. g5 Kg7 101. Ne4 Nd8 102. h6+ Kf7 103. g6+ Kg8 104. Nf6+ 1-0

[Event "24th Abu Dhabi Masters"]
[Site "Abu Dhabi UAE"]
[Date "2017.08.15"]
[Round "2.27"]
[White "Sadhwani, Raunak"]
[Black "Short, Nigel D"]
[Result "1/2-1/2"]
[WhiteTitle "FM"]
[BlackTitle "GM"]
[WhiteElo "2359"]
[BlackElo "2688"]
[WhiteFideId "35093487"]
[BlackFideId "400025"]
[EventDate "2017.08.14"]

1. e4 e6 2. d4 d5 3. exd5 exd5 4. Bd3 c5 5. dxc5 Bxc5 6. Nf3 Nf6 7. O-O O-O 8.
Bg5 h6 9. Bh4 Nc6 10. Nc3 Be6 11. Qd2 a6 12. Rfe1 Re8 13. a3 Bf8 14. h3 g6 15.
Ne2 Bg7 16. Ned4 Nxd4 17. Nxd4 Qb6 18. Nxe6 Rxe6 19. Rxe6 Qxe6 20. Qb4 Qc6 21.
Re1 b5 22. Bxf6 Bxf6 23. c3 h5 24. a4 bxa4 25. Ra1 Kg7 26. Qxa4 Qb6 27. Qb4 Qxb4
28. cxb4 Rb8 29. Ra5 Rxb4 30. Rxd5 Ra4 31. b3 Ra1+ 32. Kh2 Ra2 33. Kg1 Bc3 34.
Kf1 a5 35. Bc4 a4 36. bxa4 Rxa4 37. Bb3 Rb4 38. Bd1 h4 39. Rd3 Be5 40. Bb3 f5
41. Bd1 Rb1 42. Ke2 Ra1 43. Bb3 Kf6 44. g4 fxg4 45. hxg4 Rg1 46. Bd5 Rxg4 47.
Kf1 Ra4 48. Bc6 Rc4 49. Bd7 g5 50. Rh3 Ke7 51. Bb5 Rb4 52. Be2 Bf6 53. Re3+ Kf8
54. Bd3 Kg7 55. Kg2 Bd8 56. Bf5 Rc4 57. Re4 Rc3 58. Bg4 Bc7 59. Re7+ Kf6 60.
Re6+ Kf7 61. Re4 Bd6 62. Bh3 Rc2 63. Bg4 Rd2 64. Kf3 Bc5 65. Re2 Rd6 66. Re5
Rf6+ 67. Rf5 Rxf5+ 68. Bxf5 Kf6 69. Bg4 Ke5 70. Kg2 Bxf2 71. Kxf2 Kf4 72. Bc8 g4
73. Bxg4 Kxg4 74. Kg2 h3+ 75. Kh2 Kh4 76. Kh1 Kg3 77. Kg1 h2+ 78. Kh1 Kh3 1/2-1/2

[Event "24th Abu Dhabi Masters"]
[Site "Abu Dhabi UAE"]
[Date "2017.08.15"]
[Round "2.28"]
[White "Amin, Bassem"]
[Black "Kumar, Gaurav"]
[Result "1-0"]
[WhiteTitle "GM"]
[WhiteElo "2680"]
[BlackElo "2210"]
[WhiteFideId "10601457"]
[BlackFideId "5085578"]
[EventDate "2017.08.14"]

1. Nf3 d5 2. g3 Nf6 3. Bg2 Bg4 4. O-O Nbd7 5. d3 c6 6. Nbd2 e5 7. e4 Bh5 8. h3
dxe4 9. dxe4 Bc5 10. Qe1 O-O 11. Nc4 Re8 12. b4 Bf8 13. Bb2 Qc7 14. a4 b5 15.
Na5 c5 16. axb5 cxb4 17. Nc6 a6 18. Nfxe5 Nxe5 19. Bxe5 Rxe5 20. Nxe5 Qxe5 21.
bxa6 Ne8 22. g4 Bg6 23. f4 Qc5+ 24. Kh1 Nc7 25. f5 Qe5 26. Qd2 Bd6 27. Bf3 Rxa6
28. Rxa6 Nxa6 29. Rd1 Bf8 30. Qd4 Qg3 31. Bg2 Nc7 32. Qd7 Qc3 33. fxg6 hxg6 34.
Rf1 f6 35. g5 Qe5 36. gxf6 gxf6 37. Rd1 Ne6 38. Qe8 Nf4 39. Qxe5 fxe5 40. Rd7
Ne2 41. Bf3 Nd4 42. Bd1 Ne6 43. Rd5 Bg7 44. Rb5 Ng5 45. Rxb4 Nxh3 46. Kh2 Nf4
47. Bg4 Kf7 48. Rb5 Kf6 49. c4 Bf8 50. c5 1-0

[Event "24th Abu Dhabi Masters"]
[Site "Abu Dhabi UAE"]
[Date "2017.08.15"]
[Round "2.29"]
[White "Arjun, Kalyan"]
[Black "Gupta, Abhijeet"]
[Result "0-1"]
[BlackTitle "GM"]
[WhiteElo "2366"]
[BlackElo "2639"]
[WhiteFideId "35018701"]
[BlackFideId "5010608"]
[EventDate "2017.08.14"]

1. e4 e6 2. d4 d5 3. Nc3 Nf6 4. Bg5 dxe4 5. Nxe4 Be7 6. Bxf6 gxf6 7. Nf3 f5 8.
Nc3 a6 9. g3 b5 10. Bg2 Bb7 11. O-O c5 12. dxc5 Bxc5 13. Qxd8+ Kxd8 14. Ne5 Bxg2
15. Kxg2 Ke7 16. Rfe1 Rc8 17. Nd3 Bd4 18. Ne2 Bg7 19. c3 Rd8 20. Nef4 Nd7 21. a4
Kf8 22. Red1 Bh6 23. axb5 axb5 24. Rxa8 Rxa8 25. Ne2 Bg7 26. Nb4 Nc5 27. Nd4
Bxd4 28. Rxd4 Ra1 29. Nd3 Ne4 30. Kf3 Rd1 31. Ke3 Ke7 32. Rb4 Nd6 33. Ke2 Rb1
34. Ne5 Kf6 35. Nc6 Rh1 36. Rh4 Kg7 37. Ne5 Ne4 38. Nd3 Rb1 39. g4 f4 40. Rh5 f6
41. f3 Nd6 42. Rc5 e5 43. g5 fxg5 44. Rxe5 Kf6 45. Rd5 Nc4 46. Rxb5 Rh1 47. Nf2
Rxh2 48. Ke1 Rg2 49. Ng4+ Kg6 50. b3 h5 51. bxc4 hxg4 52. fxg4 Rxg4 53. c5 Rg1+
54. Kf2 Rc1 55. Rb3 g4 56. c6 g3+ 57. Kf3 Rf1+ 58. Kg2 Rf2+ 59. Kg1 Rc2 60. Rb8
Rxc3 61. Rc8 Kg7 62. Rc7+ Kh6 63. Kg2 Rc2+ 0-1

[Event "24th Abu Dhabi Masters"]
[Site "Abu Dhabi UAE"]
[Date "2017.08.15"]
[Round "2.30"]
[White "Alinasab, Mobina"]
[Black "Efimenko, Zahar"]
[Result "0-1"]
[WhiteTitle "WFM"]
[BlackTitle "GM"]
[WhiteElo "2208"]
[BlackElo "2636"]
[WhiteFideId "12528897"]
[BlackFideId "14107201"]
[EventDate "2017.08.14"]

1. e4 d6 2. d4 g6 3. Nc3 Bg7 4. Be3 a6 5. Qd2 b5 6. h4 h6 7. f3 Nd7 8. Nge2 Bb7
9. Ng3 h5 10. Nge2 Ngf6 11. Nf4 c5 12. dxc5 dxc5 13. O-O-O c4 14. Ncd5 e6 15.
Nxf6+ Bxf6 16. Ne2 Qe7 17. Bd4 O-O-O 18. Bxf6 Nxf6 19. Qe1 Rxd1+ 20. Qxd1 Rd8
21. Qe1 Qc5 22. Nc3 Nd7 23. g3 Ne5 24. Be2 Qe3+ 25. Kb1 Rd2 26. a3 Nc6 27. f4
Nd4 28. Bd1 Qxe1 29. Rxe1 Rg2 30. Re3 Kc7 31. Kc1 Kd6 32. e5+ Kc5 33. Ne2 Nf5
34. Rc3 a5 35. b3 Bd5 36. b4+ axb4 37. axb4+ Kxb4 38. Kb2 Kc5 39. Ra3 b4 40. Ra7
c3+ 41. Kc1 Ne3 0-1

[Event "24th Abu Dhabi Masters"]
[Site "Abu Dhabi UAE"]
[Date "2017.08.15"]
[Round "2.33"]
[White "Nihal, Sarin"]
[Black "Fadeev, Semen"]
[Result "1-0"]
[WhiteTitle "FM"]
[WhiteElo "2485"]
[BlackElo "2161"]
[WhiteFideId "25092340"]
[BlackFideId "4177738"]
[EventDate "2017.08.14"]

1. d4 e6 2. c4 f5 3. Nf3 Nf6 4. Nc3 Be7 5. Bf4 O-O 6. e3 d6 7. h3 Qe8 8. Bd3 Nc6
9. a3 Bd8 10. Bh2 e5 11. dxe5 Nxe5 12. Be2 b6 13. O-O Kh8 14. Qc2 Nfd7 15. Rfd1
Bb7 16. Nd5 Nxf3+ 17. Bxf3 Ne5 18. Be2 Ng6 19. Rac1 Rc8 20. b4 Bf6 21. c5 Bxd5
22. Rxd5 Ne7 23. Rdd1 bxc5 24. bxc5 Be5 25. Ba6 Rd8 26. cxd6 cxd6 27. Bxe5 dxe5
28. Rxd8 Qxd8 29. Qc5 Ng6 30. Qxa7 f4 31. Rc8 Qd6 32. Rxf8+ Qxf8 33. Bb7 Nh4 34.
exf4 exf4 35. Be4 Ng6 36. a4 Ne5 37. a5 1-0

[Event "24th Abu Dhabi Masters"]
[Site "Abu Dhabi UAE"]
[Date "2017.08.15"]
[Round "2.34"]
[White "Gagare, Shardul"]
[Black "Phadke, Sohan"]
[Result "1-0"]
[WhiteTitle "GM"]
[BlackTitle "FM"]
[WhiteElo "2467"]
[BlackElo "2111"]
[WhiteFideId "5037883"]
[BlackFideId "5016223"]
[EventDate "2017.08.14"]

1. d4 f5 2. g3 e6 3. Bg2 Nf6 4. c4 d5 5. Nd2 c6 6. Qc2 Bd6 7. Nh3 O-O 8. Nf3 Ne4
9. O-O Nd7 10. Nf4 Qe7 11. Nd3 b6 12. b4 Ba6 13. c5 bxc5 14. dxc5 Bc7 15. a4 e5
16. b5 Bb7 17. Nb4 Qe6 18. Ng5 Nxg5 19. Bxg5 a5 20. bxc6 Bxc6 21. Nxc6 Qxc6 22.
Rfd1 e4 23. Qa2 Nf6 24. Bxf6 Qxf6 25. Rxd5 Kh8 26. e3 Rab8 27. Rb1 Rxb1+ 28.
Qxb1 Rd8 29. Qb7 Rxd5 30. Qxd5 g6 31. Bf1 Kg7 32. Bc4 Qe5 33. Qf7+ Kh6 34. h4
Qxc5 1-0

[Event "24th Abu Dhabi Masters"]
[Site "Abu Dhabi UAE"]
[Date "2017.08.15"]
[Round "2.35"]
[White "Mahjoob Zardast, Morteza"]
[Black "Saduakassova, Dinara"]
[Result "1/2-1/2"]
[WhiteTitle "GM"]
[BlackTitle "IM"]
[WhiteElo "2354"]
[BlackElo "2444"]
[WhiteFideId "12500798"]
[BlackFideId "13700090"]
[EventDate "2017.08.14"]

1. e4 e5 2. Nf3 Nc6 3. Nc3 Nf6 4. Be2 d5 5. exd5 Nxd5 6. Bb5 Nxc3 7. bxc3 Bd6 8.
d4 exd4 9. O-O O-O 10. cxd4 Bg4 11. c3 Qf6 12. Rb1 Ne7 13. Bg5 Bxf3 14. Bxf6
Bxd1 15. Bxe7 Bxe7 16. Rfxd1 Bf6 17. Rb3 Rad8 18. Ba4 b6 19. Bc6 Rd6 20. d5 Rfd8
21. Re1 Kf8 22. g3 Be7 23. c4 g6 24. Rbe3 Bf6 25. Ra3 a5 26. Re4 Rb8 27. Rf3 h5
28. Kf1 Kg7 29. h4 Rf8 30. Ke2 Rfd8 31. Ref4 Rf8 32. Re4 Rfd8 33. Rb3 Rc8 34.
Kd3 Rcd8 35. Kc2 Bd4 36. Rf3 Rf6 37. Rxf6 Bxf6 38. Kb3 Kf8 39. Ka4 Be7 40. Kb5
Bc5 41. Re2 Kg7 42. a4 Kf6 43. f4 Bd6 44. Be8 Be7 45. Bc6 Bd6 46. Ka6 Kf5 47.
Be8 Kg4 48. Bxf7 Kxg3 49. Bxg6 Kxh4 50. Rh2+ Kg3 51. Rxh5 Kxf4 52. Rh1 Ke5 53.
Kb5 Rf8 54. Re1+ Kd4 55. Re4+ Kc3 56. Re3+ Kd4 57. Rd3+ Ke5 58. Re3+ Kd4 59.
Rd3+ Ke5 1/2-1/2

[Event "24th Abu Dhabi Masters"]
[Site "Abu Dhabi UAE"]
[Date "2017.08.15"]
[Round "2.36"]
[White "Omidi, Arya"]
[Black "Srija, Seshadri"]
[Result "0-1"]
[BlackTitle "WFM"]
[WhiteElo "2415"]
[BlackElo "2167"]
[WhiteFideId "12508780"]
[BlackFideId "5055903"]
[EventDate "2017.08.14"]

1. e4 e5 2. Nf3 Nc6 3. Bb5 a6 4. Ba4 Nf6 5. O-O Be7 6. d3 b5 7. Bb3 d6 8. a4 b4
9. a5 O-O 10. Nbd2 Rb8 11. h3 Be6 12. Bc4 Qc8 13. Re1 g6 14. Ng5 Bd7 15. Nf1 Nh5
16. Nf3 Bf6 17. Bh6 Bg7 18. Bxg7 Kxg7 19. d4 Nf4 20. dxe5 dxe5 21. Ne3 Rd8 22.
Qc1 f6 23. Bf1 Ne7 24. c3 Bc6 25. Nc4 Qb7 26. Qe3 Nc8 27. cxb4 Nd6 28. Rac1 Ne6
29. Ncd2 Be8 30. Nb3 Qxb4 31. Nc5 Nxc5 32. Rxc5 c6 33. Bxa6 Ra8 34. Bf1 Rxa5 35.
Rxa5 Qxa5 36. Rc1 Qb4 37. Qa7+ Rd7 38. Qa8 c5 39. Ne1 c4 40. Bxc4 Rc7 41. b3 Qb6
42. Rd1 Re7 43. Bd5 Ra7 0-1

[Event "24th Abu Dhabi Masters"]
[Site "Abu Dhabi UAE"]
[Date "2017.08.15"]
[Round "2.37"]
[White "Illingworth, Max"]
[Black "Aditya, Mittal"]
[Result "1/2-1/2"]
[WhiteTitle "GM"]
[BlackTitle "CM"]
[WhiteElo "2506"]
[BlackElo "2236"]
[WhiteFideId "3205207"]
[BlackFideId "35042025"]
[EventDate "2017.08.14"]

1. e4 c5 2. Nf3 d6 3. d4 cxd4 4. Nxd4 Nf6 5. Nc3 a6 6. Nb3 e5 7. Bg5 Be6 8. Bxf6
Qxf6 9. Nd5 Qd8 10. Qd3 Nd7 11. O-O-O Nb6 12. Ne3 Be7 13. g3 O-O 14. h4 Qc7 15.
f4 exf4 16. gxf4 Rac8 17. c3 Nc4 18. Kb1 Qb6 19. Nxc4 Bxc4 20. Qd4 Qxd4 21. Nxd4
Bxf1 22. Rhxf1 Rfe8 23. h5 Bf8 24. Rfe1 g6 25. hxg6 hxg6 26. Kc2 Bg7 27. Kd3 b5
28. Re2 Rc5 29. Rh1 f5 30. Rg1 fxe4+ 31. Rxe4 Rxe4 32. Kxe4 Kf7 33. a3 Bxd4 34.
Kxd4 Rc4+ 35. Ke3 a5 36. Rg5 Rc5 37. Kd4 Rc4+ 38. Ke3 Rc5 1/2-1/2

[Event "24th Abu Dhabi Masters"]
[Site "Abu Dhabi UAE"]
[Date "2017.08.15"]
[Round "2.38"]
[White "Eggleston, David J"]
[Black "Dileep, Kumar R"]
[Result "1-0"]
[WhiteTitle "IM"]
[WhiteElo "2380"]
[BlackElo "2234"]
[WhiteFideId "412120"]
[BlackFideId "25014927"]
[EventDate "2017.08.14"]

1. e4 c5 2. Nf3 Nc6 3. d4 cxd4 4. Nxd4 Nf6 5. Nc3 e5 6. Ndb5 d6 7. Bg5 a6 8. Na3
b5 9. Nd5 Be7 10. Bxf6 Bxf6 11. c3 Ne7 12. Nxf6+ gxf6 13. Nc2 Bb7 14. Bd3 d5 15.
exd5 Qxd5 16. Ne3 Qe6 17. a4 Rd8 18. Qc2 e4 19. Be2 f5 20. axb5 f4 21. bxa6 Bc6
22. O-O fxe3 23. fxe3 Rg8 24. Rf2 Nd5 25. Qc1 Qh6 26. a7 Ke7 27. Ra6 Rg6 28. Qa1
Ba8 29. Qa3+ Rgd6 30. c4 Nxe3 31. Rxd6 Rxd6 32. c5 Rc6 33. b4 Qg5 34. Qc3 Nd5
35. Qc4 Re6 36. b5 e3 37. Rf3 Nc7 38. Rg3 Qf6 39. h3 Bd5 40. Qxd5 Qa1+ 41. Qd1
Qxa7 42. b6 Qb8 43. bxc7 Qxc7 44. Rg8 h6 45. Qd4 Re5 46. Qh4+ 1-0

[Event "24th Abu Dhabi Masters"]
[Site "Abu Dhabi UAE"]
[Date "2017.08.15"]
[Round "2.39"]
[White "Jeet, Jain"]
[Black "Ayyad, Husain"]
[Result "1-0"]
[BlackTitle "FM"]
[WhiteElo "2361"]
[BlackElo "2208"]
[WhiteFideId "5073022"]
[BlackFideId "11200243"]
[EventDate "2017.08.14"]

1. e4 e5 2. Nf3 Nc6 3. Bc4 Nf6 4. d3 Be7 5. O-O O-O 6. Re1 d6 7. a4 Na5 8. Ba2
c5 9. c3 Nc6 10. Na3 Be6 11. Bxe6 fxe6 12. Nc4 Qd7 13. Bd2 Rab8 14. b4 cxb4 15.
cxb4 b5 16. axb5 Rxb5 17. Qa4 Rfb8 18. Na3 R5b7 19. b5 Nd4 20. Nxd4 exd4 21.
Qxd4 Ne8 22. Bc3 Bf6 23. Qb4 Bxc3 24. Qxc3 Nc7 25. Qd4 e5 26. Qe3 Ne6 27. h3 Rc7
28. Rec1 Rxc1+ 29. Qxc1 Rc8 30. Qb2 Nd4 31. b6 axb6 32. Qxb6 Ra8 33. Rb1 h6 34.
Nc4 Rd8 35. Ra1 Nc6 36. Ra6 Rc8 37. Qb5 Rc7 38. Nb6 Qf7 39. Nd5 Rb7 40. Qxc6
Rb1+ 41. Kh2 Qxf2 42. Qc8+ 1-0

[Event "24th Abu Dhabi Masters"]
[Site "Abu Dhabi UAE"]
[Date "2017.08.15"]
[Round "2.40"]
[White "Mithil, Ajgaonkar"]
[Black "Rajdeep, Sarkar"]
[Result "0-1"]
[BlackTitle "FM"]
[WhiteElo "2224"]
[BlackElo "2360"]
[WhiteFideId "5017343"]
[BlackFideId "25007963"]
[EventDate "2017.08.14"]

1. d4 e6 2. c4 b6 3. Nf3 Bb7 4. Nbd2 Nf6 5. g3 c5 6. Bg2 cxd4 7. O-O d3 8. exd3
Be7 9. b3 O-O 10. Bb2 d5 11. Ne5 Nc6 12. Ndf3 Rc8 13. Qe2 Nxe5 14. Nxe5 Re8 15.
Rac1 Bf8 16. f4 Rc7 17. f5 exf5 18. Rxf5 dxc4 19. dxc4 Qa8 20. Bxb7 Qxb7 21. Qg2
Bc5+ 22. Kh1 Ne4 23. Rcf1 f6 24. Nd3 Rd7 25. Nxc5 bxc5 26. Bc1 a5 27. Kg1 a4 28.
Qc2 axb3 29. axb3 Red8 30. Re1 Nd2 31. Re3 Nxb3 32. Qxb3 Rd1+ 33. Kf2 Qh1 34. g4
Qxh2+ 35. Kf3 Rf1+ 36. Ke4 Rd4# 0-1

[Event "24th Abu Dhabi Masters"]
[Site "Abu Dhabi UAE"]
[Date "2017.08.15"]
[Round "2.41"]
[White "Abhilash, Reddy M.L."]
[Black "Muradli, Mahammad"]
[Result "0-1"]
[BlackTitle "FM"]
[WhiteElo "2188"]
[BlackElo "2357"]
[WhiteFideId "5024668"]
[BlackFideId "13409301"]
[EventDate "2017.08.14"]

1. d4 Nf6 2. Bg5 d5 3. e3 c5 4. Nc3 e6 5. Nf3 Nbd7 6. Be2 Be7 7. O-O O-O 8. h3
b6 9. Bf4 a6 10. Nd2 b5 11. Bf3 Bb7 12. Ne2 Qb6 13. Re1 Bd6 14. Bxd6 Qxd6 15.
Ng3 e5 16. dxc5 Nxc5 17. Nb3 Rad8 18. Qd2 Na4 19. c3 Ne4 20. Bxe4 dxe4 21. Qe2
Bd5 22. Nd2 Qc6 23. c4 bxc4 24. b3 Nc3 25. Qh5 cxb3 26. axb3 Be6 27. Nb1 Nxb1
28. Rexb1 f5 29. Qe2 Rd3 30. Ra5 Qd6 31. Rba1 Bc8 32. Qb2 Rd5 33. Qc3 Rxa5 34.
Rxa5 Re8 35. Qc4+ Kf8 36. Rd5 Qe7 37. Rc5 Be6 38. Qc3 Bd7 39. Qc4 g6 40. b4 Bb5
41. Qc3 Qe6 42. Rc7 Kg8 43. Qc5 Bd3 44. Ra7 Rc8 45. Rc7 Rxc7 46. Qxc7 Qf6 47.
Qc8+ Kf7 48. Qd7+ Qe7 49. Qd5+ Kg7 50. h4 h5 51. f3 exf3 52. Qxd3 Qxh4 53. Nh1
Qe1+ 54. Kh2 fxg2 55. Kxg2 Qxb4 56. Nf2 Qb7+ 0-1

[Event "24th Abu Dhabi Masters"]
[Site "Abu Dhabi UAE"]
[Date "2017.08.15"]
[Round "2.42"]
[White "Pratyusha, Bodda"]
[Black "Gu, Xiaobing"]
[Result "0-1"]
[WhiteTitle "WIM"]
[BlackTitle "WGM"]
[WhiteElo "2171"]
[BlackElo "2347"]
[WhiteFideId "5000629"]
[BlackFideId "8602611"]
[EventDate "2017.08.14"]

1. e4 c5 2. Nf3 d6 3. d4 cxd4 4. Nxd4 Nf6 5. Nc3 a6 6. h3 e5 7. Nde2 h5 8. Bg5
Be6 9. Bxf6 Qxf6 10. Nd5 Qd8 11. Qd3 Nd7 12. O-O-O g6 13. Kb1 Nc5 14. Qa3 Bg7
15. Nec3 O-O 16. Be2 b5 17. b4 Bxd5 18. Rxd5 Ne6 19. Rdd1 Nd4 20. Bd3 a5 21.
Nxb5 Qb6 22. c4 d5 23. exd5 e4 24. Nxd4 axb4 25. c5 Qxc5 26. Nb3 Qxf2 27. Rd2
Qxd2 28. Nxd2 bxa3 29. Bxe4 Rfb8+ 30. Kc1 Rb2 31. Nf3 Rc8+ 32. Kd1 Bh6 0-1

[Event "24th Abu Dhabi Masters"]
[Site "Abu Dhabi UAE"]
[Date "2017.08.15"]
[Round "2.43"]
[White "Medarde Santiago, Luis Marcos"]
[Black "Kulkarni, Vinayak"]
[Result "1-0"]
[WhiteTitle "FM"]
[WhiteElo "2332"]
[BlackElo "2204"]
[WhiteFideId "2263076"]
[BlackFideId "5021332"]
[EventDate "2017.08.14"]

1. e4 c5 2. Nf3 Nc6 3. Nc3 g6 4. d4 cxd4 5. Nxd4 Bg7 6. Be3 Nf6 7. Bc4 O-O 8.
Bb3 a5 9. O-O a4 10. Nxa4 Nxe4 11. Nb5 Ra6 12. c4 d6 13. Qe2 Nf6 14. Rad1 Ng4
15. Bc1 Bd7 16. c5 Na5 17. Bc2 d5 18. Nb6 Bxb5 19. Qxb5 e6 20. Qe2 Qh4 21. h3
Ne5 22. a3 Nac4 23. Na4 Nd7 24. b3 Nce5 25. Bb2 Nc6 26. Bxg7 Kxg7 27. Bd3 Raa8
28. f4 Qf6 29. Bb5 Rfc8 30. Kh2 Rc7 31. Rc1 Nd4 32. Qd3 Nb8 33. b4 Nbc6 34. Nb6
Rd8 35. Rcd1 Nf5 36. Ba4 g5 37. g4 Nh4 38. Qg3 gxf4 39. Rxf4 Qe5 40. Bxc6 Ng6
41. Rdf1 bxc6 42. R4f2 Qxg3+ 43. Kxg3 e5 44. Rd1 Re8 45. a4 e4 46. Re2 Ne5 47.
b5 cxb5 48. Rxd5 Nc4 49. axb5 Nxb6 50. cxb6 Rb7 51. Kf4 Rxb6 52. Rxe4 Reb8 53.
Ree5 R8b7 54. Rg5+ Kf8 55. Rh5 h6 56. Ke4 Kg7 57. Kd4 Rf6 58. Rhf5 Re6 59. Rde5
Rd6+ 60. Kc5 Rdb6 61. Kc4 Rd6 62. Rd5 Re6 63. Rfe5 Rf6 64. Rf5 Re6 65. Rde5 Rd6
66. Kc5 Rdb6 67. Kb4 Rd6 68. Rd5 Re6 69. Rfe5 Rf6 70. Re3 Rg6 71. Red3 Rf6 72.
Rd6 Rf1 73. Rb3 Rc1 74. b6 h5 75. gxh5 f5 76. Rc3 Rb1+ 77. Ka5 Ra1+ 78. Kb5 Rb8
79. Rc7+ Kh8 80. b7 1-0

[Event "24th Abu Dhabi Masters"]
[Site "Abu Dhabi UAE"]
[Date "2017.08.15"]
[Round "2.44"]
[White "Hakobyan, Eduard"]
[Black "Saurabh, Anand"]
[Result "0-1"]
[WhiteElo "2164"]
[BlackElo "2332"]
[WhiteFideId "13310860"]
[BlackFideId "5094496"]
[EventDate "2017.08.14"]

1. e4 e5 2. Nf3 Nc6 3. Bc4 Nf6 4. d3 Be7 5. O-O O-O 6. c3 d6 7. a4 Na5 8. Ba2 c5
9. h3 Nc6 10. Na3 h6 11. Nc4 Be6 12. Re1 Re8 13. d4 exd4 14. cxd4 d5 15. exd5
Bxd5 16. Bf4 cxd4 17. Nxd4 Nb4 18. Bb3 Bc5 19. Rxe8+ Qxe8 20. Nd6 Qd7 21. N4f5
Rd8 22. Be5 Qe6 23. Bxf6 Qxf6 24. Bxd5 Bxd6 25. Ne3 Bc5 26. Ng4 Qe7 27. Bxf7+
Kxf7 28. Ne5+ Kg8 29. Qb3+ Kh7 30. Re1 Rd2 31. Kh1 Bxf2 32. Re4 Nc6 33. Ng4 Qd6
34. Nxf2 Rxf2 35. Qb5 a6 36. Qc4 Na5 37. Qc1 Qd3 38. Re1 Nc4 39. Rd1 Qe4 0-1